000 00553nab a2200145Ia 4500
003 ES-SlBCS
005 20220203142250.0
008 140529s2012 xxu||||| |||| 00| 0 spa d
041 _aspa
100 1 _aÁlvarez de los Mozos, Patxi
_970697
245 0 0 _aNairobi 2012: experiencia de comunión y envío. Lectura de la 70 Congregación de Procuradores de la Compañía de Jesús
_c Francisco Javier Álvarez De Los Mozos
610 2 4 _aCompañía de Jesús
_986822
773 0 _tRazon y Fe
_gvol. 266, nº. 1368, 2012, págs. 281-292
_wRev337
942 _cAR
999 _c703604
_d703604